000 00380nam a2200145Ia 4500
005 20251222141906.0
008 251222s9999||||xx |||||||||||||| ||spa||
020 _a9972-2762-3-6
082 _a344.014.6/C34/2006
100 _aCastillo Guzmán, Jorge
245 0 _aCompendio de Obligaciones Laborales
250 _a2a.ed.
264 _bEstudio Caballero Bustamante
942 _cLIB
999 _c8234
_d8234